000 00482nam a2200181Ia 4500
005 20250326123737.0
008 250326s9999 xx 000 0 und d
037 _aTextbook
040 _aFMSL
_beng
_cFMSL
041 _aeng
_2eng
084 _aL:3 L2
_qFMSL
100 _aSingleton W T
_9735970
245 0 _aIntroduction to eronomics
_cSingleton W T
260 _aGeneva
_bGeneva, W H O
_c1972
300 _a145p
942 _cTB
_hL:3 L2
999 _c1270767
_d1270767